000 00604nam a2200181 a 4500
001 000048717
005 20240307073942.0
008 190410s2016 dr 000 0 spa d
020 _a9789945472714
040 _aDO-SdBNP
_bspa
_cBNPHU
082 _axx
_bxx
110 2 _aInstituto Tecnológico de Santo Domingo
_978911
245 1 0 _aReglamento interno de la Junta de Regentes.
260 _aSanto Domingo, República Dominicana :
_bINTEC,
_c2016.
300 _a27 p. ;
_c21 cm.
500 _aAprobado por la Junta de Regentes 28 de abril de 2016: resolución JR/15/16
590 _aInventariado, 2019/VM
999 _c48205
_d48205